000 00342nam a2200145Ia 4500
008 230711s9999||||xx |||||||||||||| ||und||
041 _aENG
082 _a658
_bRA-M
100 _aRajput,R.K
245 0 _aMaterial science
250 _a1st
260 _c1994
_aNew Delhi
_bS.K Kataria & Sons
650 _aMechanical Engineering
942 _cBK
999 _c2632
_d2632